MARC

LEADER 00000nam0a2200000 4500
001 30117
005 20251102113119.0
010 |a 5020102024 
035 |a (RuTPU)RU\TPU\book\30385 
035 |a BOOK00030461 
090 |a 30117 
100 |a 20011209d2000 k y0rusy50 ca 
101 0 |a rus 
102 |a RU 
105 |a y z 001zy 
200 1 |a Москва и Орда  |f А. А. Горский  |g Российская академия наук, Институт российской истории 
210 |a Москва  |c Наука  |d 2000 
215 |a 214 с. 
320 |a Указ. имен: с. 202-203 
320 |a Указ. географических и этнических названий: с. 203-212 
606 |a Монгольские завоевания и борьба с ними  |9 81707 
610 1 |a история 
610 1 |a Россия 
610 1 |a Московское государство 
610 1 |a Золотая Орда 
610 1 |a монголо-татарское иго 
610 1 |a 13 век 
610 1 |a 14 век 
610 1 |a 15 век 
610 1 |a 16 век 
610 1 |a татары 
610 1 |a монголы 
610 1 |a Куликовская битва 
686 |a Т3(2)42  |2 rubbk 
700 1 |a Горский  |b А. А.  |g Антон Анатольевич 
712 0 2 |a Российская академия наук  |b Институт российской истории  |3 (RuTPU)RU\TPU\col\175 
801 0 |a RU  |b 63413507  |c 20011209  |g PSBO 
801 2 |a RU  |b 63413507  |c 20120923  |g PSBO 
942 |c BK